Statistics for Largest World Cities With Four Letters

Click here to take the quiz!

General Stats

  • This quiz has been taken 26,894 times
    (12,889 since last reset)
  • The average score is 12 of 25

Answer Stats

population country city % Correct
3.60 milItalyRome
96%
10.3 milPeruLima
95%
1.17 milNorwayOslo
91%
3.45 milUkraineKiev
88%
407 kSwitzerlandBern
83%
1.07 milLatviaRiga
77%
2.33 milQatarDoha
70%
1.98 milFranceLyon
69%
2.53 milAzerbaijanBaku
64%
1.00 milFranceNice
60%
6.75 milChinaXi'an
49%
1.91 milPalestineGaza
42%
175 kFijiSuva
42%
320 kGermanyBonn
40%
1.97 milTogoLomé
37%
3.00 milColombiaCali
32%
2.18 milIndiaAgra
28%
327 kItalyBari
26%
6.50 milIndiaPune
25%
2.60 milPhilippinesCebu
21%
4.40 milNigeriaKano
20%
330 kTunisiaSfax
10%
3.18 milChinaWuxi
9%
3.40 milChinaZibo
5%
1.97 milChinaCixi
4%

Score Distribution

Percentile by Number Answered

Percent of People with Each Score

Your Score History

You have not taken this quiz since the last reset